000 01390nam a2200277 a 4500
999 _c1666
_d1666
001 1634350
003 CoMeUDC
005 20230412151019.0
008 190820s2018 ck ado gr 000 0 spa d
020 _a9789587812336
040 _aCO-BoBLA
_bspa
_cCO-BoBLA
_dCO-UdeC
_eAARC
_eISBD
082 0 4 _a323
_bU58
110 _92309
_aPontificia Universidad Javeriana
245 0 0 _aInforme sobre la calidad de la ciudadanía en Colombia 2018 /
_cPontificia Universidad Javeriana, Registraduría Nacional del Estado Civil.
260 _aBogotá :
_bCifras & Conceptos,
_bEdiciones Berea,
_c2018.
300 _a220 p. :
_bil, col. ;
_c28 cm. +
_e1 CD.
504 _aIncluye referencias bibliográficas
505 _aParticipación de la firma de consultoría e investigación Cifras & Conceptos -- Introducción -- Estado de derecho y acceso a la justicia -- Vida política (participación política) -- Sociedad civil y participación no electoral -- Vida comunitaria -- Valores y calidad de la ciudadanía -- Conclusión
530 _aEl CD es complemento del libro.
546 _aEspañol
650 _aCalidad de vida
_xPercepción pública
_z Colombia
_y 2018
_v Informes.
650 4 _aNecesidades sociales
_z Colombia
_y 2018
_v Informes.
651 4 _aColombia
_x Condiciones económicas
_y 2018
_v Informes.
700 _aRegistraduría Nacional de Estado Civil
_92310
942 _2ddc
_cBK